| 000 | 01334nam a2200349 a 4500 | ||
|---|---|---|---|
| 001 | 000113177 | ||
| 003 | CHAP | ||
| 005 | 20220329144342.0 | ||
| 008 | 170509s2016 mx a fsm |||||||spa d | ||
| 010 | _a109638 | ||
| 011 | _a110610 | ||
| 040 | _cCHAP | ||
| 090 | _aTesis | ||
| 100 | 1 |
_aBecerra Durán, Daniela Itandegüi _9132152 |
|
| 245 | 1 | 0 |
_aIdentificación morfológica y molecular del agente causal de la deformación de los frutos de arándano en ciudad Guzmán Jalisco / _h[En línea] _cpor Daniela Itandegüi Becerra Durán. |
| 260 |
_aChapingo, Méx. : _bEl autor, _c2016. |
||
| 500 | _aPara ver el contenido del material haga clic en la liga | ||
| 502 | _aTesis (Ing. Agr. Esp. en Parasitología Agrícola) -- UACH. Departamento de Parasitología Agrícola | ||
| 590 |
_aBATCH _b00 _c20181121 _lUCH01 _h0758 |
||
| 590 |
_aE11695DGD _b10 _c20170511 _lUCH01 _h0904 |
||
| 590 |
_aE8697GMM _b05 _c20170509 _lUCH01 _h1350 |
||
| 590 |
_aE8697GMM _b05 _c20170509 _lUCH01 _h1426 |
||
| 650 | 1 | 4 |
_aÁcaros fitófagos _xIdentificación. _9130836 |
| 650 | 1 | 4 |
_aÁcaros _xControl. _9131782 |
| 650 | 1 | 4 |
_aArándano _xEnfermedades. _97293 |
| 650 | 1 | 4 |
_aArándano _xPlagas. _97295 |
| 856 |
_a1 _n0000868 |
||
| 856 |
_aFinding aid _uhttp://10.13.5.2/tesis/sist113177.pdf _zTeclea aquí |
||
| 901 | _aBK | ||
| 942 | _cTESIS | ||
| 942 | _n0 | ||
| 999 |
_c109638 _d109638 |
||